| 000 | 00998nam a2200253Ia 4500 | ||
|---|---|---|---|
| 003 | OSt | ||
| 005 | 20220916110922.0 | ||
| 006 | a|||||r|||| 00| 0 | ||
| 007 | ta | ||
| 008 | 220915b |||||||| |||| 00| 0 san d | ||
| 024 | _a268933 | ||
| 037 | _cTextbook | ||
| 040 |
_bsan _aARTS _cARTS |
||
| 041 | _asan | ||
| 082 | _aO15:v2L, 152K0(TTPS) | ||
| 100 | _aपाण्डेय, चन्द्रशेखर;; व्यास, शन्तिकुमार | ||
| 245 | 0 | _aसंस्कृत साहित्य की रूपरेखा | |
| 246 | _aSanskṛut sāhitya kī rūparekhā | ||
| 260 |
_aकानपुर _bसाहित्य निकेतन भारत _c1960 |
||
| 300 |
_a349पण् _ccm. |
||
| 650 | _aहिन्दी साहित्य | ||
| 942 |
_hO15:v2L, 152K0(TTPS) _cTB _2CC |
||
| 999 |
_c101355 _d101355 |
||